|
|
|
|
| LEADER |
00000nam a2200000 a 4500 |
| 001 |
vtls008374511 |
| 003 |
SK-MaSNL |
| 005 |
20260301221624.0 |
| 008 |
251124s1932 xo slo |
| 015 |
|
|
|a SKSNBA19191938-003711
|
| 035 |
|
|
|a SK01SNKBSKHR20020066728
|
| 035 |
|
|
|a SKM000069191
|
| 040 |
|
|
|a SNK
|b slo
|c SNK
|e AACR2
|
| 041 |
1 |
|
|a slo
|
| 044 |
|
|
|a xo
|
| 080 |
|
|
|a 885.4-3
|2 1981
|
| 100 |
1 |
|
|a Hroboňová, Elena,
|d 1903-1961
|4 aut
|9 9453
|
| 245 |
1 |
0 |
|a Neduhy lomnianskych žien
|c Elena Hroboňová
|
| 260 |
|
|
|a [S.l.]
|b [s.n.]
|c 1932
|e Liptovský Mikuláš
|f Bratia Rázusovci
|
| 300 |
|
|
|a [2], 23 s.
|c 8°
|
| 490 |
0 |
|
|a Poučné čítanie pre dedinský ľud
|v zoš. 8
|
| 500 |
|
|
|a Ilustr.
|
| 500 |
|
|
|a Ob. tit.
|
| 650 |
0 |
7 |
|a slovenské romány
|2 SNK
|9 103163
|
| 655 |
|
7 |
|a umelecká literatúra
|2 SNKPH
|9 60405
|
| 830 |
|
0 |
|a Poučné čítanie pre dedinský ľud
|9 347187
|
| 852 |
|
|
|a Slovenská národná knižnica v Martine
|b 10000
|h MS SD 3197/8
|
| 852 |
|
|
|a Univerzitná knižnica v Bratislave
|b 300000
|h SG 2740/8
|
| 852 |
|
|
|a Univerzitná knižnica v Bratislave
|b 300000
|h XXG 671/8
|
| 958 |
|
|
|a OND
|
| 958 |
|
|
|a RK
|
| 958 |
|
|
|a TL
|
| 999 |
|
|
|c 936699
|d 938629
|
| 952 |
|
|
|a SNK
|b SNK
|y VYP
|7 0
|p 17A0530616
|o snkSD 3197/8 D1
|i snkKSF 1076/56
|8 5
|3 rekatalogizácia
|0 0
|1 0
|4 0
|d 2006-12-01
|l 0
|r 2026-02-24 09:06:18
|w 2026-02-24
|